Dewey : (Record no. 1367)

MARC details
000 -LEADER
fixed length control field 02561cam a2200337 a 4500
003 - CONTROL NUMBER IDENTIFIER
control field data
005 - DATE AND TIME OF LATEST TRANSACTION
control field 20260322212057.0
008 - FIXED-LENGTH DATA ELEMENTS--GENERAL INFORMATION
fixed length control field data
010 ## - LIBRARY OF CONGRESS CONTROL NUMBER
LC control number 2008004498
020 ## - INTERNATIONAL STANDARD BOOK NUMBER
International Standard Book Number 9780446407410
020 ## - INTERNATIONAL STANDARD BOOK NUMBER
International Standard Book Number 0446407410
040 ## - CATALOGING SOURCE
Original cataloging agency DLC
Transcribing agency DLC
Modifying agency LMR
-- BAKER
-- BTCTA
-- YDXCP
-- UPZ
-- EPL
-- ZJI
-- BUR
-- EHH
-- VP@
-- LMR
043 ## - GEOGRAPHIC AREA CODE
Geographic area code n-us-ia
050 00 - LIBRARY OF CONGRESS CALL NUMBER
Classification number SF445.5
Item number .M97 2008
082 00 - DEWEY DECIMAL CLASSIFICATION NUMBER
Classification number 636.8092/9
Edition information 22
092 ## - LOCALLY ASSIGNED DEWEY CALL NUMBER (OCLC)
Classification number 636.8 M97 2008
001 - CONTROL NUMBER
control field data
100 1# - MAIN ENTRY--PERSONAL NAME
Personal name Myron, Vicki.
245 10 - TITLE STATEMENT
Title Dewey :
Remainder of title a small-town library cat who touched the world /
Statement of responsibility, etc. Vicki Myron & Bret Witter.
250 ## - EDITION STATEMENT
Edition statement 1st ed.
260 ## - PUBLICATION, DISTRIBUTION, ETC.
Place of publication, distribution, etc. New York :
Name of publisher, distributor, etc. Grand Central Pub.,
Date of publication, distribution, etc. 2008.
300 ## - PHYSICAL DESCRIPTION
Extent viii, 277 p. :
Other physical details ill. ;
Dimensions 22 cm.
505 0# - FORMATTED CONTENTS NOTE
Formatted contents note Introduction: Welcome to Iowa -- The coldest morning -- A perfect addition -- Dewey Readmore Books -- A day in the library -- Catnip and rubber bands -- Moneta -- Grand Avenue -- A cat's best friends -- Dewey and Jodi -- A long way from home -- Hide-and-seek -- Christmas -- A great library -- Dewey's great escape -- Spencer's favorite cat -- Iowa's famous library cat -- Dewey in the modern world -- Puss in books -- The world's worst eater -- Dewey's new friends -- What makes us special? -- Dewey goes to Japan -- Memories of Mom -- Dewey's diet -- The meeting -- Dewey's love -- Loving Dewey -- Epilogue: Last thoughts from Iowa.
520 ## - SUMMARY, ETC.
Summary, etc. The charming story of Dewey Readmore Books, the beloved library cat of Spencer, Iowa.
520 ## - SUMMARY, ETC.
Summary, etc. The story of Dewey Readmore Books, the beloved library cat, starts in the worst possible way. Only a few weeks old, on the coldest night of the year, he was stuffed into the book return slot at the Spencer, Iowa, Public Library. He was found the next morning by library director, Vicki Myron, a single mother who had survived the loss of her family farm, a breast cancer scare, and an alcoholic husband. Dewey won her heart, and the hearts of the staff, by pulling himself up and hobbling on frostbitten feet to nudge each of them in a gesture of thanks and love. For the next nineteen years, he never stopped charming the people of Spencer with his enthusiasm, warmth, humility (for a cat), and, above all, his sixth sense about who needed him most.--From publisher description.
650 #0 - SUBJECT ADDED ENTRY--TOPICAL TERM
Topical term or geographic name entry element Dewey (Cat)
650 #0 - SUBJECT ADDED ENTRY--TOPICAL TERM
Topical term or geographic name entry element Cats
Geographic subdivision Spencer
-- Spencer
Form subdivision Biography.
700 1# - ADDED ENTRY--PERSONAL NAME
Personal name Witter, Bret.
856 42 - ELECTRONIC LOCATION AND ACCESS
Public note Contributor biographical information
Uniform Resource Identifier <a href="http://www.loc.gov/catdir/enhancements/fy0827/2008004498-b.html">http://www.loc.gov/catdir/enhancements/fy0827/2008004498-b.html</a>
856 42 - ELECTRONIC LOCATION AND ACCESS
Public note Publisher description
Uniform Resource Identifier <a href="http://www.loc.gov/catdir/enhancements/fy0827/2008004498-d.html">http://www.loc.gov/catdir/enhancements/fy0827/2008004498-d.html</a>
Holdings
Withdrawn status Lost status Damaged status Not for loan Home library Current library Shelving location Date acquired Total checkouts Full call number Barcode Date last seen Price effective from Koha item type
        Troy Troy General stacks 22/03/2026   636.8092/9 22 BC0011413 22/03/2026 22/03/2026 Books